01722nam a2200409 a 4500001001200000003000800012006001900020007001500039008004100054010001700095020001800112020002700130040002100157035002100178050002500199082001400224245016900238260004200407300002400449490003000473504004100503505014200544533015200686650003700838650003300875650003000908650003800938650003700976655002901013700002301042700002001065710001601085710001701101830004901118856012601167999001901293ebr10576335CaPaEBRm u cr cn|||||||||120322s2012 dcua sb 000 0 eng d z 2012011905 z9780821395479 z9780821395486 (e-book) aCaPaEBRcCaPaEBR a(OCoLC)80205426114aHV713b.C3964 2012eb04a362.722300aChildren and youth in crisish[electronic resource] :bprotecting and promoting human development in times of economic shocks /cMattias Lundberg and Alice Wuermli. aWashington D.C. :bWorld Bank,c2012. axxi, 292 p. :bill.1 aDirections in development aIncludes bibliographical references.0 apt. 1. Introduction and framing -- pt. 2. The empirical evidence of the impact of economic crises on children and youth -- pt. 3. Policy. aElectronic reproduction.bPalo Alto, Calif. :cebrary,d2011.nAvailable via World Wide Web.nAccess may be limited to ebrary affiliated libraries. 0aChild welfarexEconomic aspects. 0aChildrenxSocial conditions. 0aYouthxSocial conditions. 0aFinancial crisesxSocial aspects. 0aBusiness cyclesxSocial aspects. 7aElectronic books.2local1 aLundberg, Mattias.1 aWeurmli, Alice.2 aWorld Bank.2 aebrary, Inc. 0aDirections in development (Washington, D.C.)40uhttp://site.ebrary.com/lib/rucke/Doc?id=10576335zAn electronic book accessible through the World Wide Web; click to view c190175d190175